| 000 | 00000nam##2200000za#4500 |
| 001 | 9.572667 |
| 003 | CaOODSP |
| 005 | 20220111083119 |
| 007 | cr ||||||||||| |
| 008 | 150406|2003||||xxc|||||o f|0| 0 eng|d |
| 022 | |a1928-6414 |
| 040 | |aCaOODSP|beng |
| 043 | |an-cn--- |
| 086 | 1 |aNE22-1/2003-4E-PDF |
| 110 | 1 |aCanada. |bNational Energy Board. |
| 245 | 10|aReasons for decision in the matter of TransCanada PipeLines Limited : |h[electronic resource]|b2003 tolls and tariff application |
| 246 | 1 |iVariant title : |aTransCanada PipeLines Limited |
| 260 | |aCalgary - Alberta : |bNational Energy Board |cJuly 2003. |
| 300 | |a124p.|bglossary, graph, maps, tables |
| 490 | 1 |aReasons for decision|x1928-6414|vRH-1-2002 |
| 500 | |aThe catalogue number (NE22-1/2003-4E) and ISBN (0-662-34489-8) for the print edition have been incorrectly copied in this electronic publication. |
| 590 | |a12-10-Supp|b2012-03-23 |
| 775 | 08|tMotifs de décision relativement à TransCanada PipeLines Limited : |w(CaOODSP)9.602997 |
| 776 | 0#|tTransCanada PipeLines Limited : |w(CaOODSP)9.616438 |
| 830 | #0|aReasons for decision (Canada. National Energy Board)|x1928-6414|vRH-1-2002|w(CaOODSP)9.504480 |
| 856 | 40|ahttp://publications.gc.ca|qPDF|s1.25 MB|uhttps://publications.gc.ca/collections/collection_2011/one-neb/NE22-1-2003-4-eng.pdf|yRH-1-2002 |